000 00420nam a22001577a 4500
003 OSt
005 20260423143702.0
008 260423b |||||||| |||| 00| 0 eng d
020 _a9789354517594
040 _cIIMT COLLEGE OH PHARMACY GREATER NOIDA
100 _aJAGTAP, V.N.
245 _aLABORATORY MANUAL OF HOSPITAL AND CLINICAL PHARMACY
260 _aNEW DELHI
_bNIRALI
_c2023
300 _a148
942 _2ddc
_c06
999 _c67957
_d67957